Classifica Scarpa d'Oro 2005 - Statistics

Statistiche generali
  • Questo quiz è stato fatto 16 volte
  • Il punteggio medio è 5 su 14
Statistiche sulle risposte
Gol Coefficiente UEFA Punti Nazione Squadra Calciatore % Corretto
24 x2 48 Camerun Barcellona Samuel Eto' o
100%
25 x2 50 Francia Arsenal Thierry Henry
100%
25 x2 50 Uruguay Villarreal Diego Forlán
81%
24 x2 48 Italia Livorno Cristiano Lucarelli
75%
21 x2 42 Brasile Real Madrid Ronaldo
75%
23 x2 46 Italia Parma Alberto Gilardino
63%
22 x2 44 Paesi Bassi Real Betis Roy Makaay
31%
27 x1,5 40,5 Svizzera Rennes Alexander Frei
6%
21 x2 42 Inghilterra Crystal Palace Andy Johnson
0%
22 x2 44 Paesi Bassi Bayern Monaco Dirk Kuijt
0%
31 x1,5 46,5 Turchia Trabzonspor Fatih Tekke
0%
24 x2 48 Slovacchia Norimberga Marek Mintál
0%
21 x2 42 Bulgaria Lokomotiv Plovdiv Martin Kamburov
0%
29 x1,5 43,5 Italia Feyenoord Vincenzo Montella
0%
Nessun quiz corrispondente trovato
Distribuzione punteggi
Percentuale di utenti per punteggio
Percentile per numero di risposta
I tuoi punteggi nel tempo
Non hai fatto questo quiz